Detalles MARC
| 000 -CABECERA |
| campo de control de longitud fija |
02077nas a2200265 i 4500 |
| 003 - IDENTIFICADOR DEL NÚMERO DE CONTROL |
| campo de control |
DO-SdBNP |
| 005 - FECHA Y HORA DE LA ÚLTIMA TRANSACCIÓN |
| campo de control |
20260205111514.0 |
| 007 - CAMPO FIJO DE DESCRIPCIÓN FÍSICA--INFORMACIÓN GENERAL |
| campo de control de longitud fija |
ta |
| 008 - DATOS DE LONGITUD FIJA--INFORMACIÓN GENERAL |
| campo de control de longitud fija |
260205e2025 dr an|p|r||||||0| | spa d |
| 040 ## - FUENTE DE LA CATALOGACIÓN |
| Centro catalogador/agencia de origen |
DO-SdBNP |
| Lengua de catalogación |
spa |
| Centro/agencia transcriptor |
BNPHU |
| Normas de descripción |
rda |
| 041 ## - CÓDIGO DE LENGUA |
| Código de lengua del texto/banda sonora o título independiente |
spa |
| 110 ## - ENTRADA PRINCIPAL--NOMBRE DE ENTIDAD CORPORATIVA |
| Nombre de entidad corporativa o nombre de jurisdicción como elemento de entrada |
Universidad Nacional para la Defensa "General Juan Pablo Duarte y Díez" (UNADE) |
| 9 (RLIN) |
88954 |
| 245 ## - MENCIÓN DE TÍTULO |
| Título |
XI Simposio internacional UNADE 2025, Seguridad Nacional y Comercio : |
| Resto del título |
estrategia para un desarrollo sostenible / |
| Mención de responsabilidad, etc. |
Universidad Nacional para la Defensa "General Juan Pablo Duarte y Díez" (UNADE) . |
| 246 ## - FORMA VARIANTE DE TÍTULO |
| Título propio/Titulo breve |
Informe Relatoría 2025 |
| 264 ## - PRODUCCIÓN, PUBLICACIÓN, DISTRIBUCIÓN, FABRICACIÓN Y COPYRIGHT |
| Producción, publicación, distribución, fabricación y copyright |
Santo Domingo, República Dominicana : |
| Nombre del de productor, editor, distribuidor, fabricante |
Ministerio de Defensa República Dominicana, |
| Fecha de producción, publicación, distribución, fabricación o copyright |
2025. |
| 300 ## - DESCRIPCIÓN FÍSICA |
| Extensión |
volumen : |
| Otras características físicas |
ilustraciones, fotografías ; |
| Dimensiones |
23 cm. |
| 336 ## - TIPO DE CONTENIDO |
| Término de tipo de contenido |
texto |
| Código de tipo de contenido |
txt |
| Fuente |
rdacontent |
| 337 ## - TIPO DE MEDIO |
| Nombre/término del tipo de medio |
sin mediación |
| Código del tipo de medio |
n |
| Fuente |
rdamedia |
| 338 ## - TIPO DE SOPORTE |
| Nombre/término del tipo de soporte |
volumen |
| Código del tipo de soporte |
nc |
| Fuente |
rdacarrier |
| 362 ## - FECHAS DE PUBLICACIÓN Y/O DESIGNACIÓN SECUENCIAL |
| Fecha de publicación y/o designación secuencial |
No. 11, 2025. |
| 500 ## - NOTA GENERAL |
| Nota general |
Catalogación basada en número: No. 11, 2025. |
| 520 ## - SUMARIO, ETC. |
| Sumario, etc. |
Durante el acto inaugural, el rector de la Universidad Nacional para la Defensa (UNADE), mayor general doctor Rafael Vásquez Espínola, ERD, ofreció las palabras de bienvenida, destacando que la institución, en cumplimiento de su misión y alineada con sus lineamientos estratégicos, organiza este simposio como una plataforma académica para reflexionar sobre los vínculos entre la seguridad, el desarrollo y el comercio en un entorno global <br/>cada vez más interconectado. En su intervención, el rector planteó que la seguridad nacional debe entenderse como una noción amplia e incluyente, que trasciende la defensa territorial e incorpora aspectos como la gobernanza democrática, la estabilidad institucional y la protección de los intereses nacionales. Asimismo, subrayó que el comercio constituye un pilar fundamental del desarrollo económico, y que su articulación con la <br/>seguridad reviste un carácter estructural y estratégico. |
| 650 #0 - PUNTO DE ACCESO ADICIONAL DE MATERIA--TÉRMINO DE MATERIA |
| Término de materia o nombre geográfico como elemento de entrada |
Informes técnicos |
| Subdivisión de forma |
Publicaciones periódicas |
| Subdivisión geográfica |
República Dominicana |
| 9 (RLIN) |
7867 |
| 942 ## - ELEMENTOS DE PUNTO DE ACCESO ADICIONAL (KOHA) |
| Fuente del sistema de clasificación o colocación |
Dewey Decimal Classification |
| Tipo de ítem Koha |
Publicación periódica |